| 000 -CABECERA |
| Campo de control de longitud fija |
00578nam a22001697a 4500 |
| 005 - FECHA Y HORA DE LA ÚLTIMA TRANSACCIÓN |
| Campo de control |
20211117141631.0 |
| 008 - CAMPO FIJO DE DESCRIPCIÓN FIJA--INFORMACIÓN GENERAL |
| Campo de control de longitud fija |
211117b ||||| |||| 00| 0 eng d |
| 020 ## - ISBN (INTERNATIONAL STANDARD BOOK NUMBER) |
| ISBN |
8460606961 |
| 040 ## - FUENTE DE CATALOGACIÓN |
| Agencia de catalogación original |
CDMR |
| 245 ## - MENCIÓN DE TÍTULO |
| Título |
Fent memòria : |
| Parte restante del título |
Vicenç Riera Llorca / |
| Mención de responsabilidad, etc. |
[coordinació: Joan Pujadas] |
| 260 ## - PUBLICACIÓN, DISTRIBUCIÓN, ETC (PIE DE IMPRENTA) |
| Lugar de publicación, distribución, etc. |
Pineda de Mar : |
| Nombre del editor, distribuidor, etc. |
Ajuntament de Pineda, |
| Fecha de publicación, distribución, etc. |
1992 |
| 300 ## - DESCRIPCIÓN FÍSICA |
| Extensión |
91 pàgines : |
| Otros detalles físicos |
fotografies i dibuixos; |
| Dimensiones |
20 cm |
| 600 #0 - ASIENTO SECUNDARIO DE MATERIA--NOMBRE PERSONAL |
| 9 (RLIN) |
4711 |
| Nombre de persona |
Riera Llorca, Vicenç |
| 650 #0 - ASIENTO SECUNDARIO DE MATERIA--TÉRMINO DE MATERIA |
| 9 (RLIN) |
3139 |
| Nombre de materia o nombre geográfico como elemento de entrada |
Periodistes catalans |
| Subdivisión de forma |
Biografia |
| 650 #0 - ASIENTO SECUNDARIO DE MATERIA--TÉRMINO DE MATERIA |
| 9 (RLIN) |
3384 |
| Nombre de materia o nombre geográfico como elemento de entrada |
Dibuixants |
| Subdivisión geográfica |
Catalunya |
| Subdivisión general |
Biografia |
| 942 ## - ELEMENTOS KOHA |
| Fuente de clasificación o esquema de ordenación en estanterías |
|
| Koha tipo de item |
Monografies |